| Tag |
First Indicator |
Second Indicator |
Subfields |
| LEADER |
00000cam a2200000 i 4500 |
| 001 |
in00000665404 |
| 005 |
20151015083024.0 |
| 008 |
790201s1978 nyua b 00110 eng d |
| 010 |
|
|
|a 78052954
|
| 020 |
|
|
|a 044816065X
|
| 035 |
|
|
|a (OCoLC)04607994
|
| 035 |
|
|
|9 ACX9928AM
|
| 040 |
|
|
|a FGM
|c FGM
|d TXA
|d UtOrBLW
|
| 049 |
|
|
|a TXAM
|c [444141]
|
| 090 |
|
|
|a QL101
|b .B82
|
| 100 |
1 |
|
|a Buckles, Mary Parker.
|
| 245 |
1 |
0 |
|a Animals of the world /
|c by Mary Parker Buckles.
|
| 264 |
|
1 |
|a New York :
|b Grosset & Dunlap,
|c 1978.
|
| 300 |
|
|
|a 240 pages :
|b illustrations (some color) ;
|c 28 cm.
|
| 336 |
|
|
|a text
|b txt
|2 rdacontent
|
| 337 |
|
|
|a unmediated
|b n
|2 rdamedia
|
| 338 |
|
|
|a volume
|b nc
|2 rdacarrier
|
| 490 |
0 |
|
|a A Ridge Press book
|
| 500 |
|
|
|a Includes index.
|
| 504 |
|
|
|a Bibliography: page [235].
|
| 650 |
|
0 |
|a Zoogeography.
|
| 999 |
|
|
|a MARS
|
| 999 |
f |
f |
|s 1a92c232-d2ce-3985-9975-6a0f3fd6e6f9
|i 68ee6dc5-0ecc-39ad-b980-fc6fcc4c966a
|t 0
|
| 952 |
f |
f |
|p ric
|a Texas A&M University
|b Rellis Campus
|c Joint Library Facility
|d Remote Storage
|t 0
|e QL101 .B82
|h Library of Congress classification
|i unmediated -- volume
|m A14804930725
|
| 998 |
f |
f |
|a QL101 .B82
|t 0
|l Remote Storage
|